Around the world in eighty days / (Registro nro. 9185)

Detalles MARC
000 -LIDER
fixed length control field 00720nam a22002417a 4500
001 - NÚMERO DE CONTROL
Identificador de número de control 009185
003 - IDENTIFICACDOR DE NÚMERO DE CONTROL
control field DO-SdBNP
005 - DATE AND TIME OF LATEST TRANSACTION
control field 20160707095933.0
007 - CAMPOS FIJOS DE DESCRIPCIÓN FÍSICA
fixed length control field 009185
008 - ELEMENTOS DE LONGITUD FIJA
fixed length control field 160310b 1874 nyu ||||| |||| 00| 0 spa d
020 ## - ISBN
International Standard Book Number 059043053X
040 ## - FUENTE DE CATALOGACIÓN
Agencia que crea de manera original el registro BPMSU
Idioma de catalogación spa
Agencia que realiza la transcripción BPMSU
092 ## - LOCALLY ASSIGNED DEWEY DECIMAL CALL NUMBER
Número de clasificación xxxx
Número de ítem (Cutter) xxxx
100 1# - ASIENTO PRINCIPAL -- NOMBRE PERSONAL
Nombre personal Verne, Jules,
Fechas asociadas con el nombre 1828-1905.
245 10 - MENCIÓN DE TITULO
Título Around the world in eighty days /
Mención de responsabilidad Jules Verne ; translated from the French by Edward Roth.
260 ## - PUBLICACIÓN, DISTRIBUCIÓN, ETC. (PIE DE IMPRENTA)
Lugar de publicación, distribución, etc New York, N.Y. :
Nombre del editor, distribuidor, etc. Scholastic,
Fecha de publicación, distribución, etc [1874].
300 ## - DESCRIPCIÓN FÍSICA
Extensión 273 p. ;
Dimensiones 20 cm.
500 ## - NOTA GENERAL
Nota general "Apple classics."
700 1# - ASIENTO SECUNDARIO -- NOMBRE PERSONAL
Nombre personal Roth, Edward,
Mención de responsabilidad tr.
710 10 - ASIENTO SECUNDARIO -- NOMBRE CORPORATIVO
Nombre corporativo o de jurisdicción Academia de la Historia de Cuba
942 ## - ADDED ENTRY ELEMENTS (KOHA)
Source of classification or shelving scheme Dewey Decimal Classification
Koha item type Libros
956 ## - LOCAL ELECTRONIC LOCATION AND ACCESS (OCLC)
Método de acceso LOPEREZ
Materiales especificados 10
Enlace 20160707
Campo enlazado y núm. de secuencia BPMSU
Nombre de host 00041
Existencias
Withdrawn status Lost status Source of classification or shelving scheme Damaged status Not for loan Home library Current library Date acquired Source of acquisition Total Checkouts Barcode Date last seen Koha item type
    Dewey Decimal Classification     Biblioteca Pública Metropolitana Salomé Ureña Biblioteca Pública Metropolitana Salomé Ureña 03/14/2016 FUNDI   BPMSU16070211 03/14/2016 Libros